000 01089nam a2200205Ia 4500
999 _c39217
_d39217
001 5803
003 GE_BSU
005 20190702162125.0
008 181216s1972|||| |||||||||||||| ||geo||
041 _ageo
080 _a624.072.33(075.8) რ-17
100 _aრაზმაძე, ა.
_9612
245 _aსამრეწველო საამქროს განივი ჩარჩოების გაანგარიშება : დამხმ. სახელმძღ. /
_cა. რაზმაძე ; ო. ფაღავა ; რედ : ჩ. გურგენიძე.
264 _aთბილისი :
_bგანათლება,
_c1972..
300 _a288 გვ .:
_bდანართები, ცხრილები.
_c.27 სმ.
653 _aსამრეწველო საამქროს განივი ჩარჩოების გაანგარიშება
700 _aფაღავა, ო
_9494
700 _aგურგენიძე, ჩ
_eრედაქტორი
_93152
942 _cBK
_2udc